<?xml version="1.0" encoding="UTF-8"?>
<record
    xmlns:xsi="http://www.w3.org/2001/XMLSchema-instance"
    xsi:schemaLocation="http://www.loc.gov/MARC21/slim http://www.loc.gov/standards/marcxml/schema/MARC21slim.xsd"
    xmlns="http://www.loc.gov/MARC21/slim">

  <leader>02317cam a2200337 a 4500</leader>
  <controlfield tag="001">14659138</controlfield>
  <controlfield tag="003">NUST</controlfield>
  <controlfield tag="005">20220721131628.0</controlfield>
  <controlfield tag="008">061207s2007    flua     b    001 0 eng  </controlfield>
  <datafield tag="010" ind1=" " ind2=" ">
    <subfield code="a">  2006101025</subfield>
  </datafield>
  <datafield tag="020" ind1=" " ind2=" ">
    <subfield code="a">9780849373671 (alk. paper)</subfield>
  </datafield>
  <datafield tag="020" ind1=" " ind2=" ">
    <subfield code="a">0849373670 (alk. paper)</subfield>
  </datafield>
  <datafield tag="035" ind1=" " ind2=" ">
    <subfield code="a">(OCoLC)ocm76967264</subfield>
  </datafield>
  <datafield tag="035" ind1=" " ind2=" ">
    <subfield code="a">(OCoLC)76967264</subfield>
  </datafield>
  <datafield tag="040" ind1=" " ind2=" ">
    <subfield code="a">DLC</subfield>
    <subfield code="c">DLC</subfield>
    <subfield code="d">BAKER</subfield>
    <subfield code="d">BTCTA</subfield>
    <subfield code="d">C#P</subfield>
    <subfield code="d">YDXCP</subfield>
    <subfield code="d">DLC</subfield>
  </datafield>
  <datafield tag="050" ind1="0" ind2="0">
    <subfield code="a">TA1632</subfield>
    <subfield code="b">.B55 2007</subfield>
  </datafield>
  <datafield tag="082" ind1="0" ind2="0">
    <subfield code="a">621.367, BLI</subfield>
    <subfield code="2">22</subfield>
  </datafield>
  <datafield tag="245" ind1="0" ind2="0">
    <subfield code="a">Blind image deconvolution :</subfield>
    <subfield code="b">theory and applications /</subfield>
    <subfield code="c">edited by Patrizio Campisi, Karen Egiazarian.</subfield>
  </datafield>
  <datafield tag="260" ind1=" " ind2=" ">
    <subfield code="a">Boca Raton :</subfield>
    <subfield code="b">CRC Press,</subfield>
    <subfield code="c">c2007.</subfield>
  </datafield>
  <datafield tag="300" ind1=" " ind2=" ">
    <subfield code="a">448 p. :</subfield>
    <subfield code="b">ill. (some col.) ;</subfield>
    <subfield code="c">25 cm.</subfield>
  </datafield>
  <datafield tag="505" ind1=" " ind2=" ">
    <subfield code="a">Blind Image Deconvolution: Problem Formulation and Existing Approaches  (Page-1), Blind Image Deconvolution Using Bussgang Techniques: Applications to Image Deblurring and Texture Synthesis (Page-43),Blind Multiframe Image Deconvolution Using Anisotropic Spatially Adaptive Filtering for Denoising and Regularization (Page-95),Bayesian Methods Based on Variational Approximations for Blind Image Deconvolution (Page-141),Deconvolution of Medical Images From Microscopic to Whole Body Images (Page-169),Bayesian Estimation of Blur and Noise in Remote Sensing Imaging (Page-239),Deconvolution and Blind Deconvolution in Astronomy (Page-277),Multiframe Blind Deconvolution Coupled with Frame Registration and Resolution Enhancement (Page-317),Blind Reconstruction of Multiframe Imagery Based on Fusion and Classification (Page-349),Blind Deconvolution and Structured Matrix Computations with Applications to Array Imaging (Page-377).</subfield>
  </datafield>
  <datafield tag="650" ind1=" " ind2="0">
    <subfield code="a">Digital images</subfield>
    <subfield code="x">Deconvolution</subfield>
    <subfield code="x">Mathematics.</subfield>
    <subfield code="9">94387</subfield>
  </datafield>
  <datafield tag="650" ind1=" " ind2="0">
    <subfield code="a">Spectrum analysis</subfield>
    <subfield code="x">Deconvolution</subfield>
    <subfield code="x">Mathematics.</subfield>
    <subfield code="9">94388</subfield>
  </datafield>
  <datafield tag="700" ind1="1" ind2=" ">
    <subfield code="a">Campisi, Patrizio,</subfield>
    <subfield code="d">1968-</subfield>
    <subfield code="9">94389</subfield>
  </datafield>
  <datafield tag="700" ind1="1" ind2=" ">
    <subfield code="a">Egiazarian, K.</subfield>
    <subfield code="q">(Karen),</subfield>
    <subfield code="d">1959-</subfield>
    <subfield code="9">94390</subfield>
  </datafield>
  <datafield tag="856" ind1="4" ind2="1">
    <subfield code="3">Table of contents only</subfield>
    <subfield code="u">http://www.loc.gov/catdir/toc/ecip076/2006101025.html</subfield>
  </datafield>
  <datafield tag="856" ind1="4" ind2="2">
    <subfield code="3">Publisher description</subfield>
    <subfield code="u">http://www.loc.gov/catdir/enhancements/fy0740/2006101025-d.html</subfield>
  </datafield>
  <datafield tag="906" ind1=" " ind2=" ">
    <subfield code="a">7</subfield>
    <subfield code="b">cbc</subfield>
    <subfield code="c">orignew</subfield>
    <subfield code="d">1</subfield>
    <subfield code="e">ecip</subfield>
    <subfield code="f">20</subfield>
    <subfield code="g">y-gencatlg</subfield>
  </datafield>
  <datafield tag="942" ind1=" " ind2=" ">
    <subfield code="2">ddc</subfield>
    <subfield code="c">BK</subfield>
  </datafield>
  <datafield tag="999" ind1=" " ind2=" ">
    <subfield code="c">590484</subfield>
    <subfield code="d">590484</subfield>
  </datafield>
  <datafield tag="952" ind1=" " ind2=" ">
    <subfield code="0">0</subfield>
    <subfield code="1">0</subfield>
    <subfield code="2">ddc</subfield>
    <subfield code="4">0</subfield>
    <subfield code="7">0</subfield>
    <subfield code="a">MCS</subfield>
    <subfield code="b">MCS</subfield>
    <subfield code="c">REF</subfield>
    <subfield code="d">2022-07-21</subfield>
    <subfield code="o">621.367,BLI</subfield>
    <subfield code="p">MCS38608</subfield>
    <subfield code="r">2022-07-21</subfield>
    <subfield code="w">2022-07-21</subfield>
    <subfield code="y">BK</subfield>
    <subfield code="z">Almirah Fresh No.45, Shelf No.2</subfield>
  </datafield>
</record>
